000
00293nam a22001337a 4500
008
170724b xxu||||| |||| 00| 0 eng d
020
_a
029236729677
041
_a
eng
080
_a
004
100
_a
29
101
_a
SHKI
245
_a
ABSOLUTE BEGINNER'S GUIDE
_c
BOYCE, J
942
_2
udc
_c
BK
999
_c
21796
_d
21796